| 000 | 00791nam a2200205 a 4500 | ||
|---|---|---|---|
| 001 | 000023510 | ||
| 005 | 20200930022254.0 | ||
| 008 | 101210s1970 mx a 000 0 spa d | ||
| 040 |
_aDO-SdBNP _bspa _cBNPHU |
||
| 082 |
_ann* _bnn* |
||
| 100 | 1 |
_aSilverman, Robert E. _948454 |
|
| 240 | 1 | 0 |
_aHow to write a program. _lEspañol |
| 245 | 1 | 0 |
_aEnseñanza programada : _bcómo preparar un programa / _cRoberto E. Silverman ; traducción Salvador Medrano C. |
| 260 |
_aMéxico, D. F. : _bCentro Regional de Ayuda Técnica. Agencia para el Desarrollo Internacional, _c1970. |
||
| 300 |
_a[272] p. : _bil. ; _c19 cm. |
||
| 504 | _aBibliografía : 271-[272] p. | ||
| 534 |
_aTítulo del original en inglés : _tHow to write a program |
||
| 700 | 1 |
_aMedrano C., Salvador, _etr. _948455 |
|
| 049 | _aBNGR | ||
| 999 |
_c23006 _d23006 |
||